000 005060000a22001690004500
090 _aAR
_b03540
245 1 0 _aAdaptación biológica
_salgunas tesis de comprensión
650 1 4 _aEvolución
_992797
650 1 4 _aTeoría de ecología
_997158
650 1 4 _aInsectos
_992622
650 1 4 _aMétodos de investigación
_992859
041 0 _aEspañol
700 1 _aVargas Ríos, Orlando
_93724
100 1 _aAmat García, Germán
_95379
942 _cARTICULO
773 1 _tInnovación y Ciencia
_h1
_q20-25
_d1995
_g4
999 _c12590
_d12590